[Event "OP-2013-0-03206"]
[Site "LSS email"]
[Date "2013.12.28"]
[Round "?"]
[White "Crapulli, Giuseppe"]
[Black "Tjah, Ivo"]
[Result "1-0"]
[WhiteElo "1705"]
[BlackElo "1865"]
[PlyCount "25"]
[EventDate "2013.12.26"]
[EventType "tourn (corr)"]
[EventRounds "4"]
[EventCountry "GER"]
[SourceTitle "Corr 2022"]
[Source "ChessBase"]
[SourceDate "2021.10.24"]
[SourceVersion "1"]
[SourceVersionDate "2021.10.24"]
[SourceQuality "1"]

1. e4 e6 2. d4 d5 3. Nd2 c5 4. Ngf3 Nf6 5. exd5 exd5 6. Bb5+ Bd7 7. Bxd7+ Nbxd7 8. 0-0 Be7 9. dxc5 Nxc5 10. Nb3 Nce4 11. Nfd4 Nd6 12. Re1 0-0 13. f3 1-0

[Event "RN-2011-0-00433"]
[Site "LSS email"]
[Date "2011.12.26"]
[Round "?"]
[White "Bozic, Deni"]
[Black "Tjah, Ivo"]
[Result "0-1"]
[WhiteElo "915"]
[BlackElo "800"]
[PlyCount "44"]
[EventDate "2011.12.15"]
[EventType "tourn (corr)"]
[EventRounds "6"]
[EventCountry "GER"]
[SourceTitle "Telechess CBM 157"]
[Source "ChessBase"]
[SourceDate "2013.11.12"]
[SourceVersion "1"]
[SourceVersionDate "2013.11.12"]
[SourceQuality "1"]

1. e4 c5 2. Nf3 d6 3. d4 cxd4 4. Nxd4 Nf6 5. Nc3 a6 6. Be3 e5 7. Nf3 Be7 8. Bc4 0-0 9. Qd2 Nc6 10. h3 Na5 11. Be2 Be6 12. b3 Qc7 13. Bd3 d5 14. exd5 Bb4 15. 0-0 Bxc3 16. Qc1 Bxd5 17. Bh6 gxh6 18. Qxh6 e4 19. Qg5+ Kh8 20. Bxe4 Bxe4 21. Rad1 Bxf3 22. Rd3 Rg8 0-1

[Event "RN-2011-0-00433"]
[Site "LSS email"]
[Date "2011.12.26"]
[Round "?"]
[White "Brough, Carl"]
[Black "Tjah, Ivo"]
[Result "1-0"]
[WhiteElo "801"]
[BlackElo "800"]
[PlyCount "33"]
[EventDate "2011.12.15"]
[EventType "tourn (corr)"]
[EventRounds "6"]
[EventCountry "GER"]
[SourceTitle "Corr 2015"]
[Source "ChessBase"]
[SourceDate "2015.07.17"]
[SourceVersion "1"]
[SourceVersionDate "2015.07.17"]
[SourceQuality "1"]

1. d4 Nf6 2. c4 g6 3. Nc3 Bg7 4. e4 d6 5. Nf3 0-0 6. Bd3 e5 7. d5 a5 8. 0-0 Na6 9. Bg5 h6 10. Bh4 Bd7 11. a3 Nc5 12. Bc2 a4 13. b4 axb3 14. Bxb3 g5 15. Bg3 Nfxe4 16. Nxe4 Nxe4 17. Rc1 1-0